The constitution, government and politics in India / (Record no. 145851)

MARC details
000 -LEADER
fixed length control field 00811nam a22002297a 4500
005 - DATE AND TIME OF LATEST TRANSACTION
control field 20230628110202.0
010 ## - LCCN (DPL NO)
LC control number 1718EN-30 ENG-121506 ENG-137191
020 ## - INTERNATIONAL STANDARD BOOK NUMBER
International Standard Book Number 9789325994119
Terms of availability 450.00
035 ## - SYSTEM CONTROL NUMBER
System control number EN-105038 EN-120723
035 ## - SYSTEM CONTROL NUMBER
System control number B-686193-198
037 ## - SOURCE OF ACQUISITION
Source of stock number/acquisition Asian
Stock number dpl
037 ## - SOURCE OF ACQUISITION
Source of stock number/acquisition DBAD/PUB
082 ## - DEWEY DECIMAL CLASSIFICATION NUMBER
Classification number 320.454
100 ## - MAIN ENTRY--PERSONAL NAME
Personal name Patil,S.H.
245 ## - TITLE STATEMENT
Title The constitution, government and politics in India /
Statement of responsibility, etc by S.H.Patil
260 ## - PUBLICATION, DISTRIBUTION, ETC. (IMPRINT)
Place of publication, distribution, etc Noida
Name of publisher, distributor, etc Vikas Publishing House
Date of publication, distribution, etc 2016
270 ## - ADDRESS
Address E-28,Sector-8
City Noida(UP)
Postal code 201301
300 ## - PHYSICAL DESCRIPTION
Extent xx,689p.
Dimensions 24cm(pbk)
500 ## - GENERAL NOTE
General note includes index
942 ## - ADDED ENTRY ELEMENTS (KOHA)
Source of classification or shelving scheme Dewey Decimal Classification
Item type English Books
Call number suffix PAT
Classification part 320.454
Holdings
Withdrawn status Lost status Not for loan Collection code Home library Current library Date acquired Source of acquisition Cost, normal purchase price Full call number Barcode Copy number Cost, replacement price Koha item type
      Non-fiction Ashok Vihar Ashok Vihar 20/01/2018 ABC/5278/5.12.17/BPPD/EN/2017-18/636/20.11.17/6.1.2018 450.00 320.454 PAT B-686194 1 450.00 English Books
      Non-fiction Bawana Bawana 28/06/2023 DBAD/PUB 450.00 320.454 PAT EN-120723 1 450.00 English Books
      Non-fiction Central Library Central Library 20/01/2018 ABC/5278/5.12.17/BPPD/EN/2017-18/636/20.11.17/6.1.2018 450.00 320.454 PAT B-686193 1 450.00 English Books
      Non-fiction Janak Puri Janak Puri 20/01/2018 ABC/5278/5.12.17/BPPD/EN/2017-18/636/20.11.17/6.1.2018 450.00 320.454 PAT B-686196 1 450.00 English Books
      Non-fiction Patel Nagar Patel Nagar 20/01/2018 ABC/5278/5.12.17/BPPD/EN/2017-18/636/20.11.17/6.1.2018 450.00 320.454 PAT B-686195 1 450.00 English Books
      Non-fiction Peshwa Road Peshwa Road 20/11/2017 DBAD/PUB 450.00 320.454 PAT EN-105038 1 450.00 English Books
      Non-fiction Sarojini Nagar Sarojini Nagar 20/01/2018 ABC/5278/5.12.17/BPPD/EN/2017-18/636/20.11.17/6.1.2018 450.00 320.454 PAT B-686197 1 450.00 English Books
      Non-fiction Shahdara Branch Shahdara Branch 20/01/2018 ABC/5278/5.12.17/BPPD/EN/2017-18/636/20.11.17/6.1.2018 450.00 320.454 PAT B-686198 1 450.00 English Books

© Delhi Public Library
Hit Counter
free hit counter